UBT Library

Mechanics of machinery (Record no. 44945)

000 -LEADER
fixed length control field 00555cam a22002171 4500
001 - CONTROL NUMBER
control field 6532263
005 - DATE AND TIME OF LATEST TRANSACTION
control field 20180314044134.0
008 - FIXED-LENGTH DATA ELEMENTS--GENERAL INFORMATION
fixed length control field 750313s1958 nyua 000 0 eng
010 ## - LIBRARY OF CONGRESS CONTROL NUMBER
LC control number 57006395
015 ## - NATIONAL BIBLIOGRAPHY NUMBER
National bibliography number GB58-3151
035 ## - SYSTEM CONTROL NUMBER
System control number (OCoLC)1214937
040 ## - CATALOGING SOURCE
Original cataloging agency DLC
Transcribing agency O
Modifying agency OCoLC
-- Uk
-- DLC
041 ## - LANGUAGE CODE
Language code of text/sound track or separate title eng
080 ## - UNIVERSAL DECIMAL CLASSIFICATION NUMBER
Universal Decimal Classification number 621.8
082 ## - DEWEY DECIMAL CLASSIFICATION NUMBER
Classification number 621.8 HAM
100 1# - Rafti
Rafti 27
101 ## - Shkurtesa
Shkurtesa MEK
245 10 - TITLE STATEMENT
Title Mechanics of machinery
Statement of responsibility, etc [by] C.W. Ham, E.J. Crane [and] W.L. Rogers.
906 ## - LOCAL DATA ELEMENT F, LDF (RLIN)
a 7
b cbc
c oclcrpl
d u
e ncip
f 19
g y-gencatlg
942 ## - ADDED ENTRY ELEMENTS (KOHA)
Source of classification or shelving scheme
Item type Books
Holdings
Withdrawn status Lost status Source of classification or shelving scheme Damaged status Not for loan Collection code Permanent location Current location Shelving location Date acquired Total Checkouts Full call number Barcode Date last seen Price effective from Koha item type
          Koleksioni i përgjithshem UBT - Lipjan UBT - Lipjan Koleksioni i përgjithshem 03/14/2018   621.8 HAM 002-3002173 03/14/2018 03/14/2018 Books
UBT Library © 2015-2024. All rights reserved University Education for Business and Technology